000 00886nam a2200289 i 4500
003 DO-SdBNP
005 20260416084214.0
007 ta
008 260416b2020 dr ||||| |||| 00| 0 spa d
020 _a9789945503678
040 _aDO-SdBNP
_bspa
_cBNPHU
_erda
041 _aspa
082 4 _axxx
_bxxx
_222
100 _aBenjamin, Rossalinna,
_d1979-
_eautor
_4aut.
_970010
245 1 0 _aÉrase una vez el cuerpo /
_cRossalinna Benjamin
264 4 _aSanto Domingo :
_bEditora Nacional,
_c©2020.
300 _a96 páginas ;
_c21 cm.
336 _atexto
_btxt
_2rdacontent
337 _asin mediación
_bn
_2rdamedia
338 _avolumen
_bnc
_2rdacarrier
490 1 _aPoesía
500 _aIncluye datos biográficos del autor en las solapas
586 _aPremio Letras de Ultramar de Poesía 2018.
590 _aInventariado, 2026/BT
910 _aBtavárez
942 _2ddc
_cLBS1
999 _c60559
_d60559